000 01311cam a22003737a 4500
003 CHAP
005 20220329141038.0
008 971013s1995 r 00010 d
010 _a61786
011 _a62758
035 _a66933
040 _cCHAP
090 _aFolleto 14786
100 0 0 _aCovas, G. F.
_928703
245 1 0 _aPleiotropismo vs genes ligados para interpretar el efecto del cromosoma 4D de trigo en diferentes componentes del rendimiento
_c/por G. F. Covas
260 _aPergamino, Arg. :
_bInstituto Nacional de Tecnología Agropecuaria,
_c1995
300 _a15 p.
410 2 1 _aInstituto Nacional de Tecnologia Agropecuaria
490 0 _aInforme técnico
_v; 303
590 _aBATCH-UPD
_b10
_c20130110
_lUCH01
_h0448
590 _aBATCH-UPD
_b10
_c20130410
_lUCH01
_h0124
590 _aBATCH-UPD
_b10
_c20130914
_lUCH01
_h1055
590 _aCONVERSION
_b10
_c20130109
_lUCH01
_h1333
650 1 4 _aCromosomas.
_929152
650 1 4 _aMaíz
_xGenética.
_970963
650 1 4 _aTrigo
_xRendimiento.
_9115092
700 0 _aSafont Lis, J.
_9101165
700 0 _aSuárez, E. Y.
_9110740
810 0 0 _aInstituto Nacional de Tecnologia Agropecuaria
_959391
830 0 _aInforme técnico
_v; 303
_958143
901 _aBK
942 _cFOLL
949 _aFolleto 14786
_bBC
_cFOLL
_d-152175
_eTS1
_i66933
_si
999 _c61786
_d61786